Statystyki dla Stolice państw z kilkoma stolicami - z mapą

Kliknij tutaj aby rozwiązać quiz!

Ogólne statystyki

  • Ten quiz został rozwiązany 44 razy
  • Średni wynik to 15 z 36

Odpowiedzi na mapie

Odpowiedzi skodowane kolorowo w zielono-czerwonej skali na mapie do tego quizu, zgodnie z poniższymi procentami.
 

Statystyki odpowiedzi

KategoriaKrajStatusStolica% Poprawnych
Członek ONZHolandiaoficjalnieAmsterdam
88%
Członek ONZChileoficjalnieSantiago de Chile
85%
Członek ONZIzraeloficjalnie, nie uznane przez ONZJerozolima
83%
SpornePalestynaoficjalnieWschodnia Jerozolima
83%
Członek ONZAfryka PołudniowaSiedziba rząduPretoria
80%
Członek ONZAfryka PołudniowaSiedziba parlamentuKapsztad
78%
Członek ONZBoliwiaSiedziba rząduLa Paz
76%
Członek ONZMalezjaoficjalnieKuala Lumpur
73%
Członek ONZNiederlHolandiaandeSiedziba rząduHaga
71%
Członek ONZCzarnogóraoficjalniePodgorica
71%
Członek ONZBoliwiaoficjalnieSucre
66%
Członek ONZIzraeluznane przez ONZTel Awiw-Jafa
66%
Członek ONZJemenoficjalnieSana
63%
Członek ONZSri LankaSiedziba Sądownictwa- i rząduKolombo
54%
Członek ONZSri LankaoficjalnieSri Dźajawardanapura Kotte
54%
Członek ONZTanzaniaoficjalnieDodoma
44%
Członek ONZBeninoficjalniePorto Novo
44%
Członek ONZAfryka PołudniowaSiedziba SądownictwaBloemfontein
37%
Członek ONZWybrzeże Kości SłoniowejoficjalnieJamusukro
37%
Członek ONZTanzaniaSiedziba rząduDar es Salaam
34%
Członek ONZEswatinioficjalnie, siedziba parlamentuMbabane
34%
Członek ONZWybrzeże Kości SłoniowejSiedziba rząduAbidżan
29%
Członek ONZBurundioficjalnieGitega
20%
Członek ONZBurundide factoBużumbura
17%
Członek ONZCzarnogóraSiedziba prezydencyjnaCetynia
15%
SpornePalestynade factoRamallah
15%
Członek ONZJemende facto (prowizorycznie)Aden
12%
SporneSahara ZachodniaoficjalnieAl-Ujun
12%
Członek ONZMalezjaSiedziba rząduPutrajaya
12%
Członek ONZBeninSiedziba rząduKotonu
10%
TerytoriumMontserrat (Wlk. Bryt.)oficjalnie, zniszczona przez erupcję wulkanicznąPlymouth
10%
Członek ONZEswatiniSiedziba rząduLobamba
7%
TerytoriumMontserrat (Wlk. Bryt.)de factoBrades
5%
Członek ONZChileSiedziba parlamentuValparaíso
5%
SporneSahara Zachodniade facto (prowizorycznie)Tifariti
2%
SporneSahara Zachodniade facto siedziba rządu (na wygnaniu)Tinduf (w Algierii)
2%

Rozkład punktacji

Percentyl według liczby udzielonych odpowiedzi

Procent ludzi z każdym wynikiem

Twoja historia wyników

Nie rozwiązałeś tego quizu